[Event "Wch U18 Girls"]
[Site "Maribor"]
[Date "2012.11.18"]
[Round "11.33"]
[White "Agulhas, Tiffany"]
[Black "Mendez Tovar, Jessica Yissel"]
[Result "1-0"]
[WhiteElo "1551"]
[BlackElo "1889"]
[PlyCount "63"]
[EventDate "2012.11.08"]
[EventType "swiss"]
[EventRounds "11"]
[EventCountry "SLO"]
[SourceTitle "EXT 2013"]
[Source "ChessBase"]
[SourceDate "2012.11.22"]
[SourceVersion "1"]
[SourceVersionDate "2012.11.22"]
[SourceQuality "1"]

1. e4 c5 2. Nc3 Nc6 3. g3 g6 4. Bg2 Bg7 5. d3 d6 6. Nge2 e6 7. Rb1 Rb8 8. 0-0 Nge7 9. Bg5 b5 10. Qd2 b4 11. Nd1 Qa5 12. Ra1 Bd7 13. Bh6 Bf6 14. f4 Qb6 15. Kh1 a5 16. g4 Rg8 17. Rb1 a4 18. Ne3 Nd4 19. Nc4 Qc7 20. e5 dxe5 21. fxe5 Bxe5 22. Nxd4 cxd4 23. Nxe5 Qxe5 24. Bf4 Qb5 25. Bxb8 Qxb8 26. Qf2 Rf8 27. Qxd4 Nc6 28. Qc5 Ne5 29. h3 Bc8 30. Rbe1 Nd7 31. Bc6 Bb7 32. Rxe6+ 1-0